000 02726agaaa2200313 4500
001 5870
003 IT-RoPAU
005 20220918181239.0
007 d cvaizq
008 50131s9999||||xx ||| | || ||und||
040 _aIT-RoPAU
_cIT-RoPAU
041 _aITALIANO
100 _aBresson Robert
_gCodice regista SPICS: 8815
_944644
130 _aMOUCHETTE
_944645
245 _aMOUCHETTE
_cProdotto da: Dauman Anatole -- Sceneggiatura: Bresson Robert -- Diretto da: Bresson Robert
_pMOUCHETTE (Rif. Codice opera principale : H5870)
250 _aEdizione Standard
260 _aROMA (FRANCIA)
_bARGOS / Distribuzione: MULTIMEDIA SAN PAOLO
_g"1967 (1° ed.: 2005 ; Ed. Lingua Orig.: 1967)"
300 _aDVD
_bsonoro, col.
_c78 minuti
508 _a"Fotografia: Coqluet Ghislain; Montaggio: Lamy Raymond; Musica: Monteverdi Claudio; Sceneggiatura: Bresson Robert; Scenografia: Coqluet Ghislain; "
511 _a"Cardinal Maria; Chabrun Raymonde; Guilbert Jean-Claude; Herbert Paul; Huguenin Suzan"
520 _a"MOUCHETTE E' UN'ADOLESCENTE DI 14 ANNI CHE VIVE COL FRATELLO ANCORA IN FASCE E I GENITORI INTRISTITI DALL'ALCOOL E DAGLI STENTI, IN UN PAESE AGRICOLODELLA PROVENZA. PERENNEMENTE DERISA E UMILIATA DAGLI ADULTI E DAI COETANEI, MOUCHERRE REAGISCE COME PUO' CON INFANTILI DISPETTI. UN GIORNO, UN TEMPORALE LA SORPRENDE IN UN BOSCO, AL RITORNO DA SCUOLA; QUI ARSENE, UN BRACCONIERE, LA CONDUCE AL RIPARO NELLA SUA CAPANNA. L'UOMO CONFESSA A MOUCHETTE DIAVER UCCISO IL GUARDACACCIA; LA RAGAZZA ACCETTA DI AIUTARLO A CREARSI UN ALIBI E LO CURA AMOREVOLMENTE QUANDO HA UNA CRISI DI EPILESSIA. PASSATA LA CRISI, ARSENE APPROFITTA DI LEI. MOUCHETTE TORNA A CASA PER CONFIDARSI CON SUA MADRE, MA LA DONNA MUORE. LE DONNE DEL PAESE, CHE CONOSCONO IL SUO SEGRETO, LA IRRIDONO PERCHE' IL GUARDACACCIA NON E' AFFATTO MORTOED ARSENE HA INVENTATO UNA STORIA. AVVOLTA IN UN ABITO BIANCO, MOUCHETTE SI DIRIGE ALLORA VERSO IL FIUME E QUI ANNEGA. UMANITA' E I SUOI MALI. RIFIUTO DELLA CONVIVENZA SOCIALE COME DIFESA DEI VALORI DELLO SPIRITO. INNOCENZA. OLOCAUSTO PER LA REDENZIONE. MORTE IN BRESSON. PREMIO OCIC AL FESTIVAL DI CANNES 1967; PREMIO PASSINETTI AL FESTIVAL DI VENEZIA 1967; NASTRO D'ARGENTO REGISTA MIGLIOR FILM STRANIERO 1969. CONTRIBUTI EXTRA: BIOGRAFIA E FILMOGRAFIA ESSENZIALEDEL REGISTA; SCHEDA CRITICA DI PINO FARINOTTI."
538 _aPAL, STEREO
546 _aITALIANO
650 _aDRAMMATICO
_eDVD-FILM [DVD]
_xCodice MATERIA SPICS: 9947
_944646
700 _aBernanos Georges
_e(soggetto)
_gCodice Soggetto SPICS: 9287
_944647
700 _aBresson Robert
_e(regista)
_gCodice regista SPICS: 8815
_944648
700 _aMonteverdi Claudio
_e(musica)
_gCodice Musica SPICS: 3614
_944649
942 _cDV
_2ddc
999 _c106019
_d106019